Statistics for NFL Stadium Cities

Click here to take the quiz!

General Stats

  • This quiz has been taken 293 times
    (176 since last reset)
  • The average score is 24 of 32

Answer Stats

TeamAnswer% Correct
Cleveland BrownsCleveland, OH
90%
Denver BroncosDenver, CO
90%
Houston TexansHouston, TX
90%
Indianapolis ColtsIndianapolis, IN
90%
Los Angeles RamsInglewood, CA
90%
Jacksonville JaguarsJacksonville, FL
90%
Kansas City ChiefsKansas City, MO
90%
Pittsburgh SteelersPittsburgh, PA
90%
Chicago BearsChicago, IL
89%
Las Vegas RaidersLas Vegas, NV
89%
Atanta FalconsAtlanta, GA
88%
Detroit LionsDetroit, MI
88%
Philadelphia EaglesPhiladelphia, PA
88%
Tampa Bay BuccaneersTampa, FL
88%
Baltimore RavensBaltimore, MD
87%
Green Bay PackersGreen Bay, WI
86%
New Orleans SaintsNew Orleans, LA
86%
Seattle SeahawksSeattle, WA
86%
Tennessee TitansNashville, TN
83%
Cincinnati BengalsCincinnati, OH
81%
Minnesota VikingsMinneapolis, MN
81%
Carolina PanthersCharlotte, NC
76%
New England PatriotsFoxborough, Mass
63%
Dallas CowboysArlington, TX
62%
Los Angeles ChargersInglewood, CA
60%
Arizona CardinalsGlendale, AZ
58%
New York GiantsEast Rutherford, NJ
54%
New York JetsEast Rutherford, NJ
54%
San Francisco 49ersSanta Clara, CA
47%
Buffalo BillsOrchard Park, NY
43%
Miami DolphinsMiami Gardens, FL
38%
Washington RedskinsLandover, MD
35%

Score Distribution

Percentile by Number Answered

Percent of People with Each Score

Your Score History

You have not taken this quiz since the last reset